Boys Names that start with T - Statistics

General Stats
  • This quiz has been taken 1,508 times
  • The average score is 11 of 28
Answer Stats
Answer % Correct
Thomas
97%
Timothy
91%
Theodore
77%
Tyler
74%
Taylor
67%
Trevor
55%
Terry
53%
Trenton
49%
Tobias
47%
Travis
46%
Todd
43%
Troy
43%
Tristan
41%
Terrence
40%
Trey
39%
Tyson
35%
Tanner
33%
Tyrese
33%
Tucker
31%
Tate
24%
Talon
22%
Thaddeus
19%
Turner
17%
Topher
11%
Thatcher
7%
Taran
6%
Tobin
5%
Thurston
3%
No matching quizzes found
Score Distribution
Percent of People with Each Score
Percentile by Number Answered
Your Score History
You have not taken this quiz